Most Revived Musicals Quiz Stats

 Plays Quiz Updated Nov 17, 2016

Score 0/19 Timer 05:00
0 Plays Today
# of times revived Name of Musical % Correct
4Oklahoma!
61%
3West Side Story
53.5%
5Guys and Dolls
41.4%
3My Fair Lady
36.1%
4Fiddler on the Roof
34.5%
3The King and I
29.5%
6Show Boat
28.7%
4Carousel
28.5%
4Hello Dolly!
26.6%
4Gypsy
23.9%
# of times revived Name of Musical % Correct
7Porgy and Bess
15.2%
3Camelot
13.8%
4Peter Pan
11.3%
4Brigadoon
9.6%
4Man of La Mancha
9.6%
4Pal Joey
6.9%
5The Threepenny Opera
4.3%
3Finian's Rainbow
3.9%
3The Most Happy Fella
2.6%

You're not logged in!

Compare scores with friends on all Sporcle quizzes.
OR
Log In

Sporcle TV

Today on Sporcle TV


Watch our educational content, quiz creation guides, and fun videos on Sporcle TV.

Show Comments

Extras

Top Quizzes Today


Score Distribution

Your Account Isn't Verified!

In order to create a playlist on Sporcle, you need to verify the email address you used during registration. Go to your Sporcle Settings to finish the process.

Report this User

Report this user for behavior that violates our Community Guidelines.

Details: